Aliens - Statistics

General Stats
  • This quiz has been taken 81 times
  • The average score is 5 of 7
Answer Stats
Picture Answer % Correct
The Predator
100%
Xenomorph/Alien
100%
E.T.
94%
Wookie
72%
The Thing
60%
Kryptonian
54%
Skeksis
15%
No matching quizzes found
Score Distribution
Percent of People with Each Score
Percentile by Number Answered
Your Score History
You have not taken this quiz